000 01056cam a2200229 4500
001 WB3839-22
008 021022n2002 000 0 eng u
035 _a(Sirsi) u120208
245 _aComputer program predicts the weather
260 _c2002
490 _aScottish Executive News Release
_v 22 October 2002, (2)
520 _aScientists at Biomathematics and Statistics Scotland have developed a computer programme which will assist the growth of crops by predicting weather patterns. It is a publicly available computer package which will have applications for future agriculture developments in its ability to predict how particular crops can perform in a certain area. For the Scottish Executive News Release: http://www.scotland.gov.uk/pages/news/2002/10/SEEN201.aspx
590 _aWB
650 _aWEATHER FORECASTING
650 _aWEATHER FORECASTS
650 _aCOMPUTER PACKAGE
650 _aAGRICULTURAL DEVELOPMENT
650 _aCROP DEVELOPMENT
650 _aSCOTLAND
690 _aRURAL-AGRICULTURE AND FORESTRY
942 _n0
999 _c71406
_d71406